logo

Bir Sreshtho Munshi Abdur Rouf Library
Jhenaidah Cadet College

Houghton Mifflin English Grammar and Composition / (Record no. 5602)

MARC details
000 -LEADER
fixed length control field 00609nam a22002297a 4500
001 - CONTROL NUMBER
JCCL Control Number 5602
003 - CONTROL NUMBER IDENTIFIER
JCCL marc code BD-JhCC
005 - DATE AND TIME OF LATEST TRANSACTION
control field 20171218190532.0
008 - FIXED-LENGTH DATA ELEMENTS--GENERAL INFORMATION
fixed length control field 171218s1984 usaa|||| ||a| 000 0 eng d
020 ## - INTERNATIONAL STANDARD BOOK NUMBER
International Standard Book Number 039531433X
035 ## - SYSTEM CONTROL NUMBER
system control number (BD-JhCC)5602
040 ## - CATALOGING SOURCE
Original cataloging agency BD-JhCC
Modifying agency BD-JhCC
041 ## - LANGUAGE CODE
Language code of Book eng
082 ## - DEWEY DECIMAL CLASSIFICATION NUMBER
Classification number 425
Author mark and Year CRE 1984
100 ## - MAIN ENTRY--PERSONAL NAME
Personal name Crellin, David W
245 ## - TITLE STATEMENT
Title Houghton Mifflin English Grammar and Composition /
Statement of responsibility, etc David W Crellin
260 ## - PUBLICATION, DISTRIBUTION, ETC. (IMPRINT)
Place of publication, distribution, etc Boston :
Name of publisher, distributor, etc Houghton Mifflin Company,
Date of publication, distribution, etc 1984.
300 ## - PHYSICAL DESCRIPTION
Pagination 78 p. :
Dimensions 28 cm.
650 ## - SUBJECT ADDED ENTRY--TOPICAL TERM
Topical term or geographic name as entry element Grammar
General subdivision English Language
942 ## - ADDED ENTRY ELEMENTS (KOHA)
Source of classification or shelving scheme Dewey Decimal Classification
Koha item type Books
Holdings
Source of classification or shelving scheme Damaged status Not for loan Home library Current library Shelving location Date of accession Total Checkouts Full call number Barcode Date last seen Copy number Koha item type
Dewey Decimal Classification     JCC Rouf Library JCC Rouf Library General Stacks 12/18/2017   425 CRE 1984 6961 12/18/2017 C-1 Books
Dewey Decimal Classification     JCC Rouf Library JCC Rouf Library General Stacks 12/18/2017   425 CRE 1984 6960 12/18/2017 C-2 Books
Dewey Decimal Classification     JCC Rouf Library JCC Rouf Library General Stacks 12/18/2017   425 CRE 1984 6959 12/18/2017 C-3 Books
Dewey Decimal Classification     JCC Rouf Library JCC Rouf Library General Stacks 12/18/2017   425 CRE 1984 6958 12/18/2017 C-4 Books
Dewey Decimal Classification     JCC Rouf Library JCC Rouf Library General Stacks 12/18/2017   425 CRE 1984 6957 12/18/2017 C-5 Books
Dewey Decimal Classification     JCC Rouf Library JCC Rouf Library General Stacks 12/18/2017   425 CRE 1984 6956 12/18/2017 C-6 Books
Dewey Decimal Classification     JCC Rouf Library JCC Rouf Library General Stacks 12/18/2017   425 CRE 1984 6954 12/18/2017 C-7 Books
Dewey Decimal Classification     JCC Rouf Library JCC Rouf Library General Stacks 12/18/2017   425 CRE 1984 6955 12/18/2017 C-8 Books

JCC Library | Contacts | JCC Home

Last Update on 23 September 2017
Copyright @ 2017-2020 JCC Rouf Library
Rouf Library, Jhenidah Cadet College (JCC), Bangladesh